Creating location services for the wireless Web : (Record no. 18801)

MARC details
000 -LEADER
fixed length control field 01324cam a22003254a 4500
005 - DATE AND TIME OF LATEST TRANSACTION
control field 20230623092925.0
008 - FIXED-LENGTH DATA ELEMENTS--GENERAL INFORMATION
fixed length control field 011025s2002 nyuab 001 0 eng
010 ## - LIBRARY OF CONGRESS CONTROL NUMBER
LC control number 2001006512
020 ## - INTERNATIONAL STANDARD BOOK NUMBER
ISBN 0471402613 (pbk. : acidfree paper)
040 ## - CATALOGING SOURCE
Original cataloging agency DLC
Transcribing agency DLC
Modifying agency DLC
042 ## - AUTHENTICATION CODE
Authentication code pcc
050 00 - LIBRARY OF CONGRESS CALL NUMBER
Item number .H554 2002
082 00 - DEWEY DECIMAL CLASSIFICATION NUMBER
Classification number 005.276
Edition number 21
Item number HJE-C
100 1# - MAIN ENTRY--AUTHOR
Author Name Hjelm, Johan.
245 10 - TITLE STATEMENT
Title Creating location services for the wireless Web :
Remainder of title professional developer's guide /
Statement of responsibility, etc. Johan Hjelm.
260 ## - PUBLICATION, DISTRIBUTION, ETC.
Place of Publication New York :
Name of publisher, distributor, etc. Wiley,
Date of publication, distribution, etc. c2002.
300 ## - PHYSICAL DESCRIPTION
Pages xv, 431 p. :
500 ## - GENERAL NOTE
General note Includes index.
650 #0 - SUBJECT ADDED ENTRY--TOPICAL TERM
Subject / Department Wireless Application Protocol (Computer network protocol)
650 #0 - SUBJECT ADDED ENTRY--TOPICAL TERM
Subject / Department Web site development.
650 #0 - SUBJECT ADDED ENTRY--TOPICAL TERM
Subject / Department Geographic information systems.
650 #0 - SUBJECT ADDED ENTRY--TOPICAL TERM
Subject / Department Cell phone systems.
650 #0 - SUBJECT ADDED ENTRY--TOPICAL TERM
Subject / Department Automatic tracking.
300 ## - PHYSICAL DESCRIPTION
-- ill., map ;
-- 24 cm. +
856 42 -
-- Contributor biographical information
-- http://www.loc.gov/catdir/bios/wiley042/2001006512.html
856 42 -
-- Publisher description
-- http://www.loc.gov/catdir/description/wiley035/2001006512.html
856 41 -
-- Table of contents
-- http://www.loc.gov/catdir/toc/wiley021/2001006512.html
906 ## - LOCAL DATA ELEMENT F, LDF (RLIN)
a 7
b cbc
c orignew
d 1
e ecip
f 20
g y-gencatlg
952 ## - LOCATION AND ITEM INFORMATION (KOHA)
-- 0
-- 0
Holdings
Lost status Damaged status Permanent Location Current Location Shelving Location Date acquired Full Call Number Accession No./Barcode Date last seen item type
    Superior Information Resource Center (SIRC) Superior University- Gold Campus Superior Information Resource Center (SIRC) Superior University- Gold Campus Web Programming 06/23/2023 005.276 HJE-C 2002 19377 06/23/2023 BOOK

Powered by Koha